Le théâtre d'agriculture et mesnage des champs, d'Olivier de Serres, seigneur du Pradel; (Record no. 7715)

MARC details
000 -LEADER
fixed length control field 01238cam a2200241 4500
001 - CONTROL NUMBER
control field agr09002193
003 - CONTROL NUMBER IDENTIFIER
control field DLC
005 - DATE AND TIME OF LATEST TRANSACTION
control field 20260227110929.0
008 - FIXED-LENGTH DATA ELEMENTS--GENERAL INFORMATION
fixed length control field 891102m18041905fr cf 00110 fre
010 ## - LIBRARY OF CONGRESS CONTROL NUMBER
LC control number agr09002193 //r942
040 ## - CATALOGING SOURCE
Original cataloging agency DLC
Transcribing agency DLC
Modifying agency DLC
050 00 - LIBRARY OF CONGRESS CALL NUMBER
Classification number S515
Item number .S47 1804
082 00 - DEWEY DECIMAL CLASSIFICATION NUMBER
Classification number 630
Edition number 20
100 10 - MAIN ENTRY--PERSONAL NAME
Personal name Serres, Olivier de,
Dates associated with a name 1539-1619.
245 13 - TITLE STATEMENT
Title Le théâtre d'agriculture et mesnage des champs, d'Olivier de Serres, seigneur du Pradel;
Remainder of title dans lequel est représenté tout ce qui est requis et nécessaire pour bien dresser, gouverner, enrichir et embellir la maison rustique. Nouvelle éd. conforme au texte, augm. de notes et d'un vocabulaire;
Statement of responsibility, etc. pub. par la Société d'agriculture du Département de la Seine.
260 0# - PUBLICATION, DISTRIBUTION, ETC.
Place of publication, distribution, etc. Paris,
Name of publisher, distributor, etc. Madame Huzard,
Date of publication, distribution, etc. 1804-05.
300 ## - PHYSICAL DESCRIPTION
Extent 2 v.
Other physical details fronts. (t. 1, port.) 16 pl.
Dimensions 28 cm.
500 ## - GENERAL NOTE
General note "Notice bibliographique des différentes éditions du Théâtre d'agriculture d'Olivier de Serres, par J.B. Huzard": t. 2, p.xxi-xlii.
500 ## - GENERAL NOTE
General note Includes index.
650 #0 - SUBJECT ADDED ENTRY--TOPICAL TERM
Topical term or geographic name entry element Agriculture
General subdivision Early works to 1800.
700 11 - ADDED ENTRY--PERSONAL NAME
Personal name Machen, Lewis H.
Fuller form of name (Lewis Henry),
Dates associated with a name 1790-1863,
Relator term former owner.
Institution to which field applies DLC
710 21 - ADDED ENTRY--CORPORATE NAME
Corporate name or jurisdiction name as entry element Thomas Jefferson Library Collection Supplement (Library of Congress)
Institution to which field applies DLC

No items available.

Powered by Koha